Laboratory exercises in zoology

Enregistré dans:
Détails bibliographiques
Auteur principal: E Lendell Cockrum
Format: Livre
Langue:Undetermined
Publié: London W. B. Saunders 1969
Sujets:
Tags: Ajouter un tag
Pas de tags, Soyez le premier à ajouter un tag!
Thư viện lưu trữ: Trung tâm Học liệu Trường Đại học Cần Thơ
LEADER 00550nam a2200181Ia 4500
001 CTU_8970
008 210402s9999 xx 000 0 und d
082 |a 591.076 
082 |b C664 
100 |a E Lendell Cockrum 
245 0 |a Laboratory exercises in zoology 
245 0 |c E Lendell Cockrum, Russell Davis, William J McCauley 
260 |a London 
260 |b W. B. Saunders 
260 |c 1969 
650 |a zoology - study and teaching,zoology, experimental 
904 |i Minh, 960923 
980 |a Trung tâm Học liệu Trường Đại học Cần Thơ